[Event "SR 3. liga A2 2008/2009"]
[Site "?"]
[Date "2009.03.29"]
[Round "11.8"]
[White "Brisudova, Veronika"]
[Black "Sitar, Martin"]
[Result "1-0"]
[WhiteElo "1777"]
[BlackElo "1429"]
[PlyCount "59"]
[EventDate "2008.??.??"]

1. e4 c5 2. Nf3 Nc6 3. d4 cxd4 4. Nxd4 e5 5. Nb5 a6 6. Nd6+ Bxd6 7. Qxd6 Qe7 8.
Qd1 Nf6 9. Nc3 d6 10. Bc4 Be6 11. Bb3 h6 12. O-O O-O 13. Be3 Bxb3 14. axb3 Qc7
15. h3 Rfd8 16. Qd2 Rd7 17. f4 Nh7 18. Nd5 Qd8 19. Nb6 exf4 20. Rxf4 Ne5 21.
Nxd7 Qxd7 22. Rf5 f6 23. Rd1 Rd8 24. Qd5+ Kf8 25. Bb6 Rc8 26. Qxe5 Rc6 27. Bc5
b6 28. Bxd6+ Kg8 29. Qe7 Qxe7 30. Bxe7 1-0

[Event "SR 3. liga A2 2008/2009"]
[Site "?"]
[Date "2009.03.29"]
[Round "11.1"]
[White "Ivan, Imrich ml"]
[Black "Mihalik, Marek"]
[Result "1/2-1/2"]
[WhiteElo "2049"]
[BlackElo "2098"]
[PlyCount "83"]
[EventDate "2008.??.??"]

1. Nf3 Nf6 2. d4 d5 3. Bf4 g6 4. e3 Bg7 5. Bd3 O-O 6. O-O c5 7. c3 b6 8. Ne5
Bb7 9. Nd2 e6 10. Ng4 Nxg4 11. Qxg4 cxd4 12. exd4 Ba6 13. Bxa6 Nxa6 14. h4 Nc7
15. h5 Ne8 16. hxg6 hxg6 17. g3 Nf6 18. Qh3 Qe7 19. Be5 Rfc8 20. Kg2 b5 21. Nb3
Nh5 22. g4 Bxe5 23. gxh5 Bg7 24. hxg6 Qg5+ 25. Kf3 Qxg6 26. Nc5 Kf8 27. Rg1
Qf6+ 28. Kg2 Ke7 29. Kf1 Bh6 30. Re1 Rg8 31. Qh1 Rxg1+ 32. Qxg1 Qg5 33. Qh2 Rc8
34. Qh3 Qf6 35. Qd3 Rb8 36. Qh7 Bg7 37. Qh2 Rc8 38. Nb7 Qf5 39. Qd6+ Kf6 40.
Qg3 Rh8 41. Kg2 Qg6 42. Nc5 $11 1/2-1/2

[Event "SR 3. liga A2 2008/2009"]
[Site "?"]
[Date "2009.03.29"]
[Round "11.2"]
[White "Pobjecky, Ivan"]
[Black "Csefalvay, Stefan"]
[Result "1-0"]
[WhiteElo "2039"]
[BlackElo "1965"]
[PlyCount "91"]
[EventDate "2008.??.??"]

1. e4 c5 2. Nf3 Nc6 3. d4 cxd4 4. Nxd4 e5 5. Nb5 d6 6. N1c3 a6 7. Na3 b5 8. Nd5
Nf6 9. Bg5 Be7 10. Bxf6 gxf6 11. Bd3 Be6 12. Ne3 d5 13. exd5 Bxd5 14. c4 Bxa3
15. bxa3 Qa5+ 16. Kf1 Be6 17. Qf3 Rc8 18. Qxf6 Rf8 19. Nf5 Bxf5 20. Bxf5 Qd8
21. Qxd8+ Rxd8 22. cxb5 axb5 23. Bxh7 Nd4 24. Bd3 Ra8 25. Re1 f6 26. h4 Rxa3
27. Bb1 Ke7 28. h5 Ke6 29. Rh4 Nf5 30. Rb4 Rb8 31. g4 Ne7 32. h6 Nd5 33. Rb2
Nc3 34. Bc2 Kd6 35. h7 Rh8 36. Bf5 Ke7 37. Rc1 Kf7 38. Rd2 Kg7 39. Rd7+ Kh6 40.
Rf7 b4 41. Rxf6+ Kg5 42. Rg6+ Kf4 43. Rg8 Ra8 44. Rxh8 Rxh8 45. Rc2 Nd5 46. Rc8
1-0

[Event "SR 3. liga A2 2008/2009"]
[Site "?"]
[Date "2009.03.29"]
[Round "11.3"]
[White "Vizvari, Ludovit"]
[Black "Gono, Michal"]
[Result "1/2-1/2"]
[WhiteElo "2039"]
[BlackElo "1854"]
[PlyCount "105"]
[EventDate "2008.??.??"]

1. d4 d5 2. c4 e6 3. Nc3 Nf6 4. Nf3 c6 5. e3 Nbd7 6. Bd3 Bd6 7. O-O O-O 8. e4
dxe4 9. Nxe4 Nxe4 10. Bxe4 Nf6 11. Bc2 c5 12. Bg5 b6 13. Qd3 g6 14. Rad1 Be7
15. Bxf6 Bxf6 16. Qe4 Qc7 17. dxc5 Bb7 18. Qe3 Qxc5 19. Qxc5 bxc5 20. Ne1 Rad8
21. Nd3 Be4 22. b3 Bxd3 23. Rxd3 Rxd3 24. Bxd3 Bd4 25. g3 f5 26. Kg2 e5 27. f3
a5 28. Bc2 Rb8 29. Rb1 $11 Kf7 30. h3 Ke6 31. a4 Rd8 32. Rd1 Rd6 33. Kf1 Kf6
34. Rd2 Kg5 35. Kg2 Kf6 36. Kf1 Ke7 37. Kg2 Rb6 38. Re2 Kf6 39. Kf1 Rb7 40. Kg2
Bc3 41. Re3 Bd4 42. Re2 Rd7 43. Rd2 Rd6 44. Kf1 Kg5 45. Kg2 Kf6 46. Kf1 Rb6 47.
Re2 Re6 48. Kg2 f4 49. gxf4 exf4 50. Rxe6+ Kxe6 51. Kf1 Be3 52. Ke2 Ke5 53. Kd3
1/2-1/2

[Event "SR 3. liga A2 2008/2009"]
[Site "?"]
[Date "2009.03.29"]
[Round "11.4"]
[White "Mihalik, Anton"]
[Black "Szitasi, Janos"]
[Result "1/2-1/2"]
[WhiteElo "1959"]
[BlackElo "1972"]
[PlyCount "127"]
[EventDate "2008.??.??"]

1. e4 e5 2. Nf3 Nc6 3. Bb5 Bc5 4. O-O d6 5. h3 Nge7 6. c3 O-O 7. d4 exd4 8.
cxd4 Bb6 9. Bg5 h6 10. Bh4 a6 11. Ba4 Ba7 12. Nc3 b5 13. Bc2 Qe8 14. Re1 Ng6
15. Bg3 Bb7 16. Rc1 Qd8 17. Bb1 Re8 18. a3 Na5 19. Qc2 c5 20. dxc5 dxc5 21.
Rcd1 Qc8 22. Nd5 Bxd5 23. exd5 Rxe1+ 24. Rxe1 Bb8 25. d6 Nb7 26. Rd1 Nf8 27.
Qe4 Ra7 28. d7 Qd8 29. Qe8 Bxg3 30. fxg3 c4 31. Ne5 Qb6+ 32. Kh2 Nd8 33. Bh7+
Kxh7 34. Qxf8 Qf6 35. Qc5 Rb7 36. Rd6 Qf5 37. Qd4 f6 38. Ng4 a5 39. Ne3 Qe5 40.
Qxe5 fxe5 41. g4 Kg8 42. Kg3 Kf7 43. Kf3 g6 44. Nd5 b4 45. axb4 axb4 46. Ke2 e4
47. Kd1 c3 48. Kc2 cxb2 49. Kxb2 b3 50. h4 Kg7 51. g3 Kf7 52. h5 gxh5 53. gxh5
e3 54. Nxe3 Rb5 55. Rxh6 Re5 56. Nc4 Rg5 57. Rh8 Ke7 58. Rh7+ Ke6 59. Rh8 Kxd7
60. h6 Nf7 61. Rh7 Ke6 62. Rg7 Rxg7 63. hxg7 Nh6 64. Kxb3 1/2-1/2

[Event "SR 3. liga A2 2008/2009"]
[Site "?"]
[Date "2009.03.29"]
[Round "11.5"]
[White "Szabo, Gabor"]
[Black "Curidlo, Jan"]
[Result "1-0"]
[WhiteElo "1902"]
[BlackElo "1979"]
[PlyCount "59"]
[EventDate "2008.??.??"]

1. e4 c5 2. c3 e6 3. d4 cxd4 4. cxd4 Nf6 5. Nc3 d6 6. Nf3 a6 7. Bd3 Be7 8. O-O
O-O 9. Qc2 h6 10. Bf4 Nc6 11. a3 Nh5 12. Be3 Qc7 13. Rac1 Bd7 14. Qd2 Qd8 15.
e5 dxe5 16. dxe5 g5 17. h3 Ng7 18. Bb1 f6 19. Rfd1 Nb8 20. exf6 Bxf6 21. Qc2
Nf5 22. g4 Bxc3 23. bxc3 Qe8 24. gxf5 Ba4 25. Qe4 Bxd1 26. Rxd1 Rxf5 27. Qxb7
Rb5 28. Qxa8 Qh5 29. Rd8+ Kf7 30. Qa7+ 1-0

[Event "SR 3. liga A2 2008/2009"]
[Site "?"]
[Date "2009.03.29"]
[Round "11.6"]
[White "Slaby, Jozef"]
[Black "Vegh, Vince"]
[Result "1/2-1/2"]
[WhiteElo "1930"]
[BlackElo "1917"]
[PlyCount "120"]
[EventDate "2008.??.??"]

1. d4 Nf6 2. c4 e6 3. Nf3 b6 4. a3 Be7 5. h3 O-O 6. Bf4 Ba6 7. e3 d5 8. Nbd2 c5
9. Qa4 Qc8 10. Rc1 Qc6 11. Qd1 Qb7 12. Be2 Nbd7 13. O-O Rac8 14. dxc5 bxc5 15.
Qc2 Rfe8 16. Rfd1 Bf8 17. Ne5 Nb6 18. Bf3 Nbd7 19. b3 Bd6 20. Nxd7 Qxd7 21. Bg5
Be7 22. Nf1 Bb7 23. Bxf6 Bxf6 24. cxd5 exd5 25. Bg4 Qc6 26. Bxc8 Rxc8 27. f3
Qd6 28. Qe2 Bd8 29. Nh2 Bb6 30. f4 d4 31. exd4 Qxf4 32. dxc5 Bc7 33. Nf1 Bc6
34. Qg4 Qxg4 35. hxg4 Re8 36. Re1 Rb8 37. b4 a5 38. bxa5 Rb2 39. Ne3 Bf4 40.
Rcd1 g5 41. Nd5 Kg7 42. Rd3 Rc2 43. Red1 Rxc5 44. g3 Bb8 45. Ne7 Be4 46. Nf5+
Kg6 47. Rd4 Bf3 48. Rf1 Rc3 49. Rd7 Bxg4 50. Ne7+ Kh5 51. Nd5 Rxg3+ 52. Kf2
Rf3+ 53. Kg2 Rxf1 54. Kxf1 Bxd7 55. Nf6+ Kg6 56. Nxd7 Ba7 57. Kg2 f5 58. Ne5+
Kf6 59. Nc6 Be3 60. a6 Ke6 1/2-1/2

[Event "SR 3. liga A2 2008/2009"]
[Site "?"]
[Date "2009.03.29"]
[Round "11.7"]
[White "Ivan, Imrich st"]
[Black "Matejovic, Ludovit"]
[Result "1/2-1/2"]
[WhiteElo "1876"]
[BlackElo "1592"]
[PlyCount "64"]
[EventDate "2008.??.??"]

1. e4 e5 2. Nc3 Nc6 3. Bc4 Bc5 4. d3 d6 5. f4 exf4 6. Bxf4 Nf6 7. h3 O-O 8. Nf3
Nd4 9. Qd2 Nxf3+ 10. gxf3 Be6 11. Bb3 Bxb3 12. axb3 Bd4 13. Be3 Bxe3 14. Qxe3
a6 15. f4 d5 16. Qf3 dxe4 17. dxe4 Qe7 18. O-O-O c6 19. e5 Nd7 20. Qg4 Rad8 21.
Rhg1 g6 22. Rd2 Nc5 23. Rgd1 Rxd2 24. Rxd2 Rd8 25. Rxd8+ Qxd8 26. b4 Ne6 27. f5
Ng7 28. fxg6 hxg6 29. Ne4 Ne8 30. e6 Qe7 31. exf7+ Qxf7 32. c3 Qf5 1/2-1/2

[Event "SR 3. liga A2 2008/2009"]
[Site "?"]
[Date "2009.03.29"]
[Round "11.8"]
[White "Gubis, Vladimir"]
[Black "Korosi, Gejza"]
[Result "1-0"]
[WhiteElo "1755"]
[BlackElo "1534"]
[PlyCount "84"]
[EventDate "2008.??.??"]

1. d4 d5 2. c4 Nf6 3. Nc3 e6 4. Bg5 Be7 5. Nf3 O-O 6. e3 a6 7. c5 Nc6 8. h3 b6
9. cxb6 cxb6 10. Bd3 Nd7 11. Bxe7 Qxe7 12. O-O Bb7 13. Rc1 Rfc8 14. Re1 h6 15.
e4 dxe4 16. Bxe4 Nf6 17. Bb1 Rd8 18. Na4 Nd5 19. Nc3 Qb4 20. Nxd5 Rxd5 21. Rxc6
Bxc6 22. Qc2 Be8 23. Qh7+ Kf8 24. Be4 Rad8 25. Bxd5 Rxd5 26. Qh8+ Ke7 27. Re2
Qb5 28. Rc2 Kf6 29. Rc8 Ke7 30. b3 Qd7 31. Ra8 a5 32. Ne5 Rxe5 33. dxe5 Qc6 34.
Ra7+ Bd7 35. Qxg7 Qc1+ 36. Kh2 Qf4+ 37. Qg3 Qd2 38. Qe3 Qxa2 39. Qxb6 Qd2 40.
Qd6+ Qxd6 41. exd6+ Kxd6 42. Rxa5 e5 {atd} 1-0

[Event "SR 3. liga A2 2008/2009"]
[Site "?"]
[Date "2009.03.29"]
[Round "11.1"]
[White "Ambros, Rafael"]
[Black "Malar, Pavol"]
[Result "0-1"]
[WhiteElo "2082"]
[BlackElo "2090"]
[PlyCount "94"]
[EventDate "2008.??.??"]

1. e4 e6 2. d4 d5 3. Nd2 Nc6 4. Ngf3 Nf6 5. e5 Nd7 6. Be2 f6 7. exf6 Qxf6 8. c3
Bd6 9. Nb3 O-O 10. Bg5 Qf7 11. Be3 Nb6 12. Ng5 Qf6 13. Qc2 g6 14. Nd2 e5 15.
dxe5 Nxe5 16. Ngf3 Bf5 17. Qb3 c5 18. Nxe5 Qxe5 19. Nf3 Qe7 20. h4 Rae8 21. h5
Bf4 22. hxg6 Bxg6 23. c4 Bxe3 24. fxe3 Qxe3 25. Qxe3 Rxe3 26. Kd2 Rfe8 27. Rae1
dxc4 28. Rh4 Bd3 29. Bxd3 Rxd3+ 30. Kc2 Rxe1 31. Nxe1 Rd4 32. Rh3 Nd5 33. a3 b5
34. Rf3 b4 35. g3 b3+ 36. Kc1 Re4 37. Kd1 c3 38. Rf2 c2+ 39. Nxc2 bxc2+ 40.
Kxc2 c4 41. Rd2 Re5 42. Rd4 Kf7 43. Kd2 Nb6 44. g4 Rd5 45. Ke3 Rxd4 46. Kxd4
Kf6 47. a4 Nxa4 0-1

[Event "SR 3. liga A2 2008/2009"]
[Site "?"]
[Date "2009.03.29"]
[Round "11.2"]
[White "Peska, Juraj"]
[Black "Pribila, Michal"]
[Result "1/2-1/2"]
[WhiteElo "1960"]
[BlackElo "2099"]
[PlyCount "109"]
[EventDate "2008.??.??"]

1. c4 Nf6 2. Nc3 g6 3. g3 Bg7 4. Bg2 c5 5. Nf3 Nc6 6. O-O O-O 7. d3 d6 8. Bf4
a6 9. Qd2 Bd7 10. Bh6 Rb8 11. Bxg7 Kxg7 12. b3 Kg8 13. h3 Nd4 14. Kh2 Nxf3+ 15.
Bxf3 Bc6 16. Bxc6 bxc6 17. Qf4 Re8 18. Ne4 Nxe4 19. Qxe4 d5 20. Qe5 Qd6 21.
Qxd6 exd6 22. e3 f5 23. Rac1 d4 24. Rfe1 Kf7 25. Kg2 a5 26. Rc2 dxe3 27. Rxe3
Rxe3 28. fxe3 Rb4 29. Kf3 a4 30. Rb2 d5 31. cxd5 cxd5 32. Rc2 axb3 33. axb3 Rb5
34. Rc3 Kf6 35. d4 cxd4 36. exd4 Rb6 37. h4 h6 38. Kf4 g5+ 39. hxg5+ hxg5+ 40.
Kf3 Ke6 41. Ke3 Kd6 42. Kd2 Rb7 43. Rf3 Rf7 44. Kc3 Kc6 45. Kb4 f4 46. gxf4
Rxf4 47. Rg3 g4 48. Rd3 Kb6 49. Ka4 Rf3 50. Rd2 g3 51. Rg2 Rd3 52. b4 Ka6 53.
Rg1 Kb6 54. Rg2 Kc6 55. Rg1 1/2-1/2

[Event "SR 3. liga A2 2008/2009"]
[Site "?"]
[Date "2009.03.29"]
[Round "11.3"]
[White "Pribila, Gerhard"]
[Black "Gajarsky, Roman"]
[Result "1/2-1/2"]
[WhiteElo "2013"]
[BlackElo "1943"]
[PlyCount "67"]
[EventDate "2008.??.??"]

1. e4 e5 2. Nf3 Nc6 3. d4 exd4 4. Nxd4 Qf6 5. Be3 Bc5 6. c3 a6 7. Be2 Qg6 8.
O-O Bxd4 9. Bxd4 Nxd4 10. Qxd4 Ne7 11. Nd2 O-O 12. Bd3 Nc6 13. Qd5 d6 14. f4
Qe6 15. Qg5 Qg6 16. Qh4 f5 17. Bc4+ Be6 18. Bxe6+ Qxe6 19. exf5 Qe3+ 20. Qf2
Qxf2+ 21. Rxf2 Rxf5 $11 22. Re1 Raf8 23. Ref1 Ra5 24. a3 Rb5 25. b3 Rd5 26. b4
Re8 27. Nc4 b5 28. Nb2 Re3 29. Rf3 Re2 30. R3f2 Rdd2 31. Rxe2 Rxe2 32. Rf2 Re1+
33. Rf1 Re2 34. Rf2 1/2-1/2

[Event "SR 3. liga A2 2008/2009"]
[Site "?"]
[Date "2009.03.29"]
[Round "11.4"]
[White "Kollarik, Gorazd"]
[Black "Kocak, Branislav"]
[Result "1/2-1/2"]
[WhiteElo "1941"]
[BlackElo "1896"]
[PlyCount "47"]
[EventDate "2008.??.??"]

1. e4 c5 2. Nf3 d6 3. d4 cxd4 4. Nxd4 Nf6 5. Nc3 a6 6. Be2 e5 7. Nb3 Be6 8. Be3
Be7 9. O-O Nbd7 10. f4 exf4 11. Bxf4 Ne5 12. Qd2 O-O 13. Rad1 Qc7 14. Nd5 Bxd5
15. exd5 Nfd7 16. c3 Bf6 17. Kh1 b5 18. Rc1 Nc4 19. Bxc4 bxc4 20. Nd4 Ne5 21.
Bxe5 Bxe5 22. Nf3 Bf6 23. Rce1 Rfe8 24. Re2 1/2-1/2

[Event "SR 3. liga A2 2008/2009"]
[Site "?"]
[Date "2009.03.29"]
[Round "11.5"]
[White "Brunovsky, Peter"]
[Black "Racik, Marek"]
[Result "1-0"]
[WhiteElo "1753"]
[BlackElo "1932"]
[PlyCount "63"]
[EventDate "2008.??.??"]

1. d4 Nf6 2. c4 e6 3. Nf3 c5 4. g3 Nc6 5. Bg2 cxd4 6. Nxd4 Bc5 7. e3 O-O 8. O-O
d5 9. Nb3 b6 10. Nxc5 bxc5 11. Na3 Rb8 12. b3 Na5 13. Qc2 Qb6 14. Bb2 Ne4 15.
Be5 Bb7 16. Rfd1 Rbd8 17. Rab1 f6 18. Ba1 Qb4 19. Bxe4 dxe4 20. Nb5 Rxd1+ 21.
Rxd1 Nxc4 22. Qxc4 Qa5 23. Qxe6+ Kh8 24. Nd6 Qc7 25. Nxb7 Qxb7 26. Bc3 Qb5 27.
Qe7 Re8 28. Rd8 h6 29. Rxe8+ Kh7 30. Qxe4+ f5 31. Qxf5+ g6 32. Qf7# 1-0

[Event "SR 3. liga A2 2008/2009"]
[Site "?"]
[Date "2009.03.29"]
[Round "11.6"]
[White "Skocik, Jozef"]
[Black "Zajicek, Ferdinand"]
[Result "1-0"]
[WhiteElo "1863"]
[BlackElo "1946"]
[Annotator ",Jozef"]
[PlyCount "111"]
[EventDate "2008.??.??"]

1. e4 e5 2. Bc4 d6 3. Nf3 Be6 4. Bxe6 fxe6 5. d4 exd4 6. Nxd4 Qe7 7. O-O e5 8.
Nf5 Qf7 9. f4 Nf6 10. Nc3 g6 11. Ng3 Be7 12. fxe5 dxe5 13. Nd5 O-O 14. Bg5 Qe6
15. Nxe7+ Qxe7 16. Bxf6 Rxf6 17. Qd5+ Kg7 18. Qxb7 Qc5+ 19. Kh1 Qc6 20. Qb4 Rd6
21. Qb3 Re6 22. Qf3 Rf6 23. Qxf6+ Qxf6 24. Rxf6 Kxf6 25. Rd1 Nc6 26. c3 Rd8 27.
Rxd8 Nxd8 28. Kg1 Ne6 29. b4 Ke7 30. Kf1 Kd6 31. h4 Kc6 32. a4 Kb6 33. Ne2 a5
34. Ke1 c5 35. Nc1 c4 36. Ne2 axb4 37. cxb4 Nc7 $11 38. Kd2 Ne8 39. Nc3 Nd6 40.
Ke3 Nc8 41. Kd2 Nd6 42. Kc2 Ka6 43. Kb2 Kb7 44. Ka3 Ka6 45. a5 Kb7 46. b5 Kc7
47. Kb4 h6 48. g4 g5 49. h5 Kd7 50. a6 Kc7 51. Kc5 Ne8 52. Kxc4 Kd6 53. a7 Nc7
54. b6 Na8 55. b7 Nb6+ 56. Kb5 1-0

[Event "SR 3. liga A2 2008/2009"]
[Site "?"]
[Date "2009.03.29"]
[Round "11.7"]
[White "Kastler, Peter"]
[Black "Majtan, Martin"]
[Result "1-0"]
[WhiteElo "1690"]
[BlackElo "1572"]
[PlyCount "159"]
[EventDate "2008.??.??"]

1. d4 d5 2. c4 c6 3. Nf3 Nf6 4. Nc3 e6 5. e3 Nbd7 6. Bd3 b6 7. Bd2 Bb7 8. cxd5
exd5 9. O-O Bd6 10. a3 Qc7 11. Rc1 a6 12. Re1 O-O 13. h3 Rfe8 14. Qc2 c5 15. e4
cxd4 16. Nxd4 dxe4 17. Nxe4 Qxc2 18. Nxf6+ Nxf6 19. Nxc2 Red8 20. Be3 Nd5 21.
Be4 Be5 22. Bxb6 Re8 23. Bd4 Bf4 24. Rcd1 Bc6 25. Bxd5 Bxd5 26. Rxe8+ Rxe8 27.
Be3 Bxe3 28. Nxe3 Bb7 29. Kf1 g6 30. Rd6 Rc8 31. Rb6 Be4 32. Ke2 Rd8 33. Ke1
Bd3 34. f3 f5 35. b3 f4 36. Nc4 Bc2 37. Rxa6 Rd1+ 38. Ke2 Rg1 39. Kf2 Ra1 40.
Nd2 Ra2 41. Ke2 Bxb3 42. Kd3 Bd1 43. Ra7 Rc2 44. a4 Rc6 45. Ne4 Rc2 46. Nd2 Rc5
47. Kd4 Rg5 48. Ke4 Rxg2 49. Nc4 Rf2 50. Ne5 Rb2 51. a5 Rb4+ 52. Kd5 Rb3 53. a6
Bxf3+ 54. Nxf3 Rxf3 55. Rb7 Rxh3 56. a7 Ra3 57. Rb8+ Kg7 58. a8=Q Rxa8 59. Rxa8
Kh6 60. Ke4 g5 61. Kf3 Kh5 62. Ra1 Kg6 63. Rh1 h5 64. Ra1 Kf6 65. Rh1 Kg6 66.
Ke4 h4 67. Rc1 h3 68. Kf3 Kh5 69. Rc8 Kg6 70. Rh8 Kf5 71. Rf8+ Kg6 72. Kg4 Kg7
73. Ra8 h2 74. Ra1 Kg6 75. Rh1 Kf6 76. Rxh2 Kg6 77. Rh5 Kf6 78. Rxg5 f3 79.
Rf5+ Ke6 80. Rxf3 1-0

[Event "SR 3. liga A2 2008/2009"]
[Site "?"]
[Date "2009.03.29"]
[Round "11.8"]
[White "Surab, Patrik"]
[Black "Valla, Tomas"]
[Result "0-1"]
[WhiteElo "1350"]
[BlackElo "1350"]
[PlyCount "56"]
[EventDate "2008.??.??"]

1. e4 c5 2. Nf3 d6 3. d4 cxd4 4. Nxd4 Nf6 5. Nc3 g6 6. Be2 Bg7 7. O-O O-O 8.
Be3 Nc6 9. f4 Bd7 10. Bf3 Rc8 11. Qd2 Na5 12. b3 Qc7 13. Ndb5 Bxb5 14. Nxb5 Qd8
15. c4 Nc6 16. Rfc1 a6 17. Na3 Nd7 18. Nc2 Bxa1 19. Rxa1 Qa5 20. Qxa5 Nxa5 21.
Rc1 b5 22. cxb5 axb5 23. b4 Nc4 24. Kf2 Rc7 25. a4 bxa4 26. b5 Rfc8 27. Be2
Nxe3 28. Kxe3 Rxc2 0-1

[Event "SR 3. liga A2 2008/2009"]
[Site "?"]
[Date "2009.03.29"]
[Round "11.1"]
[White "Janko, Ladislav"]
[Black "Pagerka, Martin"]
[Result "1-0"]
[WhiteElo "2258"]
[BlackElo "1998"]
[PlyCount "67"]
[EventDate "2008.??.??"]

1. e4 e5 2. Nf3 Nc6 3. Bb5 a6 4. Ba4 Nf6 5. d3 d6 6. c3 Be7 7. Nbd2 Bg4 8. Nf1
O-O 9. Ng3 Nh5 10. Nxh5 Bxh5 11. h3 b5 12. Bc2 Bg6 13. O-O d5 14. Qe2 d4 15.
Bb3 Bf6 16. Bd5 Qd7 17. cxd4 exd4 18. Bd2 Rfe8 19. Qd1 Rad8 20. Rc1 Ne7 21. Bb3
Qd6 22. Qc2 Rd7 23. Qc5 Nc8 24. Bd5 Qxc5 25. Rxc5 Be7 26. Rcc1 Rxd5 27. exd5
Bf6 28. Rfe1 Rd8 29. Rxc7 Bxd3 30. Rd7 Rf8 31. Bb4 Bf5 32. Rb7 Rd8 33. g4 Bc2
34. Rd7 1-0

[Event "SR 3. liga A2 2008/2009"]
[Site "?"]
[Date "2009.03.29"]
[Round "11.2"]
[White "Hecko, Dusan"]
[Black "Kantor, Reka"]
[Result "1-0"]
[WhiteElo "2160"]
[BlackElo "1903"]
[PlyCount "37"]
[EventDate "2008.??.??"]

1. e4 e5 2. Nc3 Nf6 3. f4 Bb4 4. fxe5 Bxc3 5. bxc3 Nxe4 6. Qg4 Ng5 7. d4 h6 8.
Bxg5 Qxg5 9. Qe4 Qe7 10. Bd3 Nc6 11. Nf3 d6 12. O-O dxe5 13. d5 Nb8 14. Nxe5 f5
15. Qd4 Qf6 16. Bb5+ Bd7 17. Nxd7 Nxd7 18. Qxf6 gxf6 19. Rxf5 1-0

[Event "SR 3. liga A2 2008/2009"]
[Site "?"]
[Date "2009.03.29"]
[Round "11.3"]
[White "Kantor, Tamas st"]
[Black "Diviak, Rastislav"]
[Result "0-1"]
[WhiteElo "2028"]
[BlackElo "2022"]
[PlyCount "110"]
[EventDate "2008.??.??"]

1. e4 c5 2. d4 cxd4 3. c3 Nf6 4. e5 Nd5 5. cxd4 e6 6. Bc4 Nb6 7. Bb5 a6 8. Bd3
Nc6 9. Nf3 d6 10. O-O Be7 11. Nc3 Bd7 12. Ne4 dxe5 13. dxe5 Nb4 14. Bg5 O-O 15.
Bxe7 Qxe7 16. Nfg5 h6 17. Nf3 Nxd3 18. Qxd3 Bb5 19. Qe3 Nd5 20. Qd2 Bxf1 21.
Rxf1 Qb4 22. Qe2 Rac8 23. a3 Qc4 24. Qe1 Qc2 25. Nd6 Rc7 26. b4 Qb2 27. Qa1
Qxa1 28. Rxa1 b5 29. Nd2 Rd8 30. N6e4 Nc3 31. g3 Nxe4 32. Nxe4 Rd5 33. Nc5 Rxe5
34. Nxa6 Rc2 35. Nc5 Ree2 36. Rf1 Ra2 37. Nb3 Rxa3 38. Nd4 Re5 39. Nc6 Re4 40.
Rd1 Rc4 41. Rd8+ Kh7 42. Ne5 Rxb4 43. Nxf7 Rb1+ 44. Kg2 b4 45. h4 Ra7 46. Rh8+
Kg6 47. Ne5+ Kf5 48. Nc6 Rb7 49. Rf8+ Ke4 50. Rf4+ Kd5 51. Nd8 Rb8 52. Nf7 b3
53. Ra4 b2 54. Ra5+ Kd4 55. Ra4+ Kc3 0-1

[Event "SR 3. liga A2 2008/2009"]
[Site "?"]
[Date "2009.03.29"]
[Round "11.4"]
[White "Cajka, Tibor"]
[Black "Szekely, Stefan"]
[Result "1/2-1/2"]
[WhiteElo "1907"]
[BlackElo "2038"]
[Annotator ",Jozef"]
[PlyCount "28"]
[EventDate "2008.??.??"]

1. e4 d6 2. d4 Nf6 3. Nc3 g6 4. f3 Bg7 5. Be3 c6 6. Qd2 b5 7. O-O-O h5 8. Bd3
Na6 9. Kb1 Nc7 10. h3 Bd7 11. f4 b4 12. Nce2 Qb8 13. Nf3 a5 14. Rhf1 Nb5 $11
1/2-1/2

[Event "SR 3. liga A2 2008/2009"]
[Site "?"]
[Date "2009.03.29"]
[Round "11.5"]
[White "Puobis, Jozef"]
[Black "Karlik, Lukas"]
[Result "1/2-1/2"]
[WhiteElo "2015"]
[BlackElo "1841"]
[Annotator ",Jozef"]
[PlyCount "144"]
[EventDate "2008.??.??"]

1. e4 d5 2. exd5 Qxd5 3. Nc3 Qa5 4. Bc4 Nf6 5. Nf3 Bg4 6. O-O e6 7. Qe2 Qh5 8.
d3 Bxf3 9. Qxf3 Qxf3 10. gxf3 a6 11. a4 Nbd7 12. Re1 Bd6 13. d4 O-O 14. Ne4
Rfe8 15. b3 Rad8 16. Nxd6 cxd6 17. Bd2 h6 18. Ba5 Rc8 19. Bb4 Nb6 20. Bd3 Rc6
21. Bd2 d5 22. Re2 Rec8 23. Rc1 Ne8 $11 24. Kg2 Nd6 25. c3 Nd7 26. f4 g6 27.
Re3 Nf6 28. f3 Nh5 29. Ree1 Kg7 30. Kf2 b5 31. axb5 Nxb5 32. Bxb5 axb5 33. Ra1
Kf6 34. Ra5 Rb8 35. Ra7 Ng7 36. Rea1 Rcb6 37. Ke2 Nf5 38. Be1 b4 39. cxb4 R8b7
40. Kd3 Ne7 41. Bh4+ g5 42. fxg5+ hxg5 43. Be1 Kf5 44. Bd2 f6 45. Rxb7 Rxb7 46.
Ra6 Ng6 47. Ra2 Nh4 48. Ke3 e5 49. dxe5 fxe5 50. Ra8 Ng6 51. Kf2 Rh7 52. Kg3
Rb7 53. Rd8 $11 d4 54. Kf2 g4 55. fxg4+ Kxg4 56. Rg8 Kf5 57. Kg3 e4 58. h4 Rh7
59. Rd8 Nxh4 60. Rxd4 Ke5 61. Rc4 Nf5+ 62. Kg4 Rg7+ 63. Kh5 Rg3 64. Rc5+ Ke6
65. Bc3 Nd6 66. Kh4 Rg8 67. Re5+ Kd7 68. b5 Rb8 69. Bb4 e3 $11 70. Bxd6 Kxd6
71. Rxe3 Rxb5 72. Kg3 Kc5 $11 1/2-1/2

[Event "SR 3. liga A2 2008/2009"]
[Site "?"]
[Date "2009.03.29"]
[Round "11.6"]
[White "Danada, Ondrej"]
[Black "Kubica, Adrian"]
[Result "1-0"]
[WhiteElo "1891"]
[BlackElo "1927"]
[PlyCount "71"]
[EventDate "2008.??.??"]

1. e4 e5 2. Nf3 Nf6 3. d4 Nxe4 4. dxe5 Bc5 5. Qd5 Nxf2 6. Qxc5 Nxh1 7. Bc4 d6
8. exd6 Qxd6 9. Qxd6 cxd6 10. Bf4 O-O 11. Bxd6 Rd8 12. Bf4 Nc6 13. c3 Re8+ 14.
Kf1 Re4 15. Bxf7+ Kh8 16. Bd6 Bg4 17. Nbd2 Bxf3 18. Nxf3 Rd8 19. Bd5 Ree8 20.
Ng5 Rf8+ 21. Bxf8 Rxd5 22. Nf3 Rf5 23. Ba3 g5 24. Kg1 Nf2 25. Kxf2 g4 26. Kg3
gxf3 27. gxf3 Kg7 28. Rd1 Rf7 29. f4 Kg6 30. Kg4 b6 31. Rd6+ Rf6 32. Rxf6+ Kxf6
33. Kh5 Kg7 34. Bd6 Nd8 35. Be5+ Kg8 36. Kg5 1-0

[Event "SR 3. liga A2 2008/2009"]
[Site "?"]
[Date "2009.03.29"]
[Round "11.7"]
[White "Kosar, Mikulas ml"]
[Black "Skapik, Branislav"]
[Result "1/2-1/2"]
[WhiteElo "1891"]
[BlackElo "1823"]
[Annotator ",Jozef"]
[PlyCount "127"]
[EventDate "2008.??.??"]

1. e4 e5 2. Nf3 Nc6 3. d4 exd4 4. Bc4 Bc5 5. c3 d3 6. Qxd3 Nf6 7. b4 Bb6 8. O-O
h6 9. e5 Ng4 10. Bxf7+ Kxf7 11. Qf5+ Nf6 12. exf6 Qxf6 13. Qd5+ Qe6 14. Qd2 d6
15. b5 Ne5 16. Nd4 Qg6 17. Qf4+ Kg8 18. Nd2 Bh3 19. Qg3 Qxg3 20. hxg3 Bd7 21.
Ne4 Re8 22. a4 Nd3 23. Nd2 Bg4 24. f3 Be6 25. Kh2 Kh7 26. N2b3 Bxb3 27. Nxb3
Re2 28. a5 Bf2 29. Nd4 Bxd4 30. cxd4 Ne1 31. Ba3 Nxg2 32. Kh3 Ne3 33. Rfc1 Rc2
34. b6 axb6 35. axb6 cxb6 36. Bxd6 Rd8 37. Be5 Rf2 38. Rc7 Rg8 39. Rf7 Kg6 40.
Rxb7 Rxf3 41. Rxb6+ Kh5 42. Ra3 g5 43. Raa6 Ng4 44. Rb2 Rgf8 45. Raa2 Rf1 46.
Re2 R8f3 47. Kg2 Rf5 48. Rac2 $11 R1f3 49. Ra2 Rc3 50. Ra1 Ne3+ 51. Kh3 Rf3 52.
Kh2 Kg4 53. d5 Rd3 54. Ra4+ Kf5 55. Bd4 Ng4+ 56. Kg2 Rxg3+ 57. Kf1 Rd1+ 58. Re1
Rxe1+ 59. Kxe1 Rd3 60. Ke2 Rb3 61. Bg7 Rb7 62. Bh8 Rd7 63. Ra5 Ke4 64. Ra4+
1/2-1/2

[Event "SR 3. liga A2 2008/2009"]
[Site "?"]
[Date "2009.03.29"]
[Round "11.8"]
[White "Nemeckay, Rastislav"]
[Black "Kosar, Mikulas st"]
[Result "1-0"]
[WhiteElo "1749"]
[BlackElo "1862"]
[PlyCount "57"]
[EventDate "2008.??.??"]

1. e4 e5 2. Nc3 Nf6 3. Bc4 Nc6 4. d3 Na5 5. Bb3 Nxb3 6. axb3 c6 7. Be3 a6 8. d4
Qc7 9. dxe5 Qxe5 10. Nf3 Qc7 11. O-O d6 12. h3 h6 13. Re1 Be7 14. Bf4 Be6 15.
Nd4 O-O 16. e5 Nd5 17. Nxd5 Bxd5 18. c4 Be6 19. Nxe6 fxe6 20. exd6 Qc8 21. Qg4
Bf6 22. Rad1 Kf7 23. d7 Qd8 24. Qxe6+ Kg6 25. Re2 Rf7 26. Qe4+ Kh5 27. Qf5+ g5
28. g4+ Kh4 29. Qg6 1-0

[Event "SR 3. liga A2 2008/2009"]
[Site "?"]
[Date "2009.03.29"]
[Round "11.1"]
[White "Horak, Ivan"]
[Black "Halas, Miroslav"]
[Result "0-1"]
[WhiteElo "2138"]
[BlackElo "1939"]
[PlyCount "78"]
[EventDate "2008.??.??"]

1. e4 c6 2. d4 d5 3. Nd2 dxe4 4. Nxe4 Bf5 5. Ng3 Bg6 6. Nf3 Nd7 7. h4 h6 8. h5
Bh7 9. Bd3 Bxd3 10. Qxd3 e6 11. Bf4 Qa5+ 12. Bd2 Qc7 13. O-O-O O-O-O 14. c4
Ngf6 15. Ne4 Nxe4 16. Qxe4 Nf6 17. Qe2 c5 18. dxc5 Bxc5 19. Ne5 Rd4 20. f3 Rhd8
21. g4 Bd6 22. Rhe1 Bxe5 23. Qxe5 Rxc4+ 24. Bc3 Qxe5 25. Rxd8+ Kxd8 26. Rxe5
Nd5 27. Re4 Rxe4 28. fxe4 Nxc3 29. bxc3 Kd7 30. Kd2 Kd6 31. Ke3 e5 32. Kd3 b5
33. Kc2 Kc5 34. Kb3 a5 35. Kc2 Kc4 36. Kd2 b4 37. cxb4 Kxb4 38. Kc2 Kc4 39. Kb2
Kd4 0-1